| 000 | 01331cam a22003494a 4500 | ||
|---|---|---|---|
| 001 | 13019846 | ||
| 003 | OSt | ||
| 005 | 20210416053406.0 | ||
| 008 | 021204s2003 nyuab b 001 0 eng | ||
| 010 | _a 2002038343 | ||
| 020 | _a0767911725 | ||
| 040 |
_aDLC _cDLC _dDLC |
||
| 042 | _apcc | ||
| 050 | 0 | 0 |
_aP211 _b.S32 2003 |
| 080 |
_a811 _bS-11 |
||
| 082 | 0 | 0 |
_a411 _221 |
| 100 | 1 | _aSacks, David. | |
| 245 | 1 | 0 |
_aLanguage visible : _bunraveling the mystery of the alphabet from A to Z / _cDavid Sacks. |
| 250 | _a1st ed. | ||
| 260 |
_aNew York : _bBroadway Books, _c2003. |
||
| 300 |
_axiii, 395 p. : _bill., maps ; _c22 cm. |
||
| 365 | _b24.95 usd | ||
| 504 | _aIncludes bibliographical references (p. [369]-375) and index. | ||
| 650 | 0 |
_aAlphabet _xHistory. |
|
| 650 | 0 |
_aEnglish language _xAlphabet. |
|
| 700 |
_944 _aSacks, David |
||
| 856 | 4 | 2 |
_3Contributor biographical information _uhttp://www.loc.gov/catdir/bios/random054/2002038343.html |
| 856 | 4 | 2 |
_3Publisher description _uhttp://www.loc.gov/catdir/description/random0414/2002038343.html |
| 906 |
_a7 _bcbc _corignew _d1 _eocip _f20 _gy-gencatlg |
||
| 942 |
_2udc _cBK _e1 |
||
| 999 |
_c115 _d115 |
||